| 000 | 00776nam a2200265 a 4500 | ||
|---|---|---|---|
| 001 | 24463 | ||
| 003 | CO-ViMGA | ||
| 008 | 141112s2004 ck r 000 u spa d | ||
| 020 | _a9789589909133 | ||
| 040 |
_aCO-ViMGA _bspa _cCO-ViMGA |
||
| 041 | _aSPA | ||
| 090 | _aN BAE1 | ||
| 100 | 1 |
_aBaena, Rafael _936309 |
|
| 245 | 1 | 0 |
_aVuelvan caras, carajo! / _cRafael Baena |
| 250 | _a1a ed. 1a reimpr. | ||
| 260 |
_aBogotá : _bPre - textos, _c2009 |
||
| 300 | _a334 p. | ||
| 490 | _aNarrativa contemporánea | ||
| 610 |
_aGUERRA DE LA INDEPENDENCIA - NOVELA _936310 |
||
| 650 | 1 | 4 |
_aAUTORES COLOMBIANOS _932 |
| 650 | 1 | 4 |
_aLITERATURA COLOMBIANA - SIGLO XX _92057 |
| 650 | 1 | 4 |
_aNOVELA COLOMBIANA - SIGLO XX _92058 |
| 650 | 1 | 4 |
_aTERTULIAS BICENTENARIO _936311 |
| 942 |
_2ddc _cBK |
||
| 999 |
_c2187 _d2187 |
||